000 01963nam0a2200409 4500
001 RU\NLR\bibl\1810812
005 20260405235310.0
010 _a978-5-89016-716-3
_9500
021 _aRU
_b2011-63187
_94432
035 _a(nilc)RSL-KNO-004991044
035 _a(NLR Aleph) 001801428
090 _a1793673
_c1793673
100 _a20110816d2011 |||y0rusy50 ca
101 0 _arus
102 _aRU
105 _aa |||||||||
200 1 _aВолонтерская деятельность как основа формирования гражданской активности молодежи
_eмонография
_fИ.Н. Григорьев
_gМ-во образования и науки РФ, Гос. образоват. учреждение высш. проф. образования "Тамб. гос. ун-т им. Г.Р. Державина"
210 _aТамбов
_cИзд-во ТРОО "Бизнес-Наука-Общество"
_d2011
215 _a191 с.
_cил., табл.
_d21
300 _aНа 4-й с. обл. авт.: Григорьев И.Н., к.п.н., преп.
320 _aБиблиогр.: с. 120-140 (278 назв.) и в подстроч. примеч.
606 1 _aСтуденты
_xВоспитание гражданственности
_92120708
_3RU\NLR\auth\661280624
606 1 _aСтуденты
_xВолонтерская деятельность
_92613286
_3RU\NLR\AUTH\661549844
686 _aЧ31,6(2)352.13,0
_2rubbk
686 _aЧ31,6(2)385.6,0
_2rubbk
686 _aУ27(2)68
686 _aЧ481.43
686 _aЧ481.352.13
700 1 _4070
_7ca
_8rus
_aГригорьев
_bИ. Н.
_cканд. пед. наук
_gИлья Николаевич
_991840
_3RU\NLR\auth\77108915
801 0 _aRU
_bRuMoRKP
_c20110816
_grcr
801 1 _aRU
_bРГБ
_c20110816
801 2 _aRU
_bNLR
_c20110920
_grcr
942 _cBOOK
980 _aNB
980 _aNBR